[Event "RUS-ch Silent (Women)"]
[Site "Zelenograd"]
[Date "2022.04.17"]
[Round "12"]
[White "Romanova, Alsu"]
[Black "Gerasimova, Olga"]
[Result "0-1"]
[WhiteElo "1311"]
[BlackElo "1881"]
[PlyCount "34"]
[EventDate "2022.04.09"]
[EventType "tourn"]
[EventRounds "13"]
[EventCountry "RUS"]
[SourceTitle "EXT 2023"]
[Source "ChessBase"]
[SourceDate "2022.10.05"]
[SourceVersion "1"]
[SourceVersionDate "2022.10.05"]
[SourceQuality "1"]

1. e4 c5 2. Nf3 e6 3. c3 a6 4. Be2 d6 5. 0-0 Be7 6. d3 Nf6 7. h3 0-0 8. Nh2 Nc6 9. f4 Ne8 10. Be3 f5 11. Nd2 b5 12. exf5 exf5 13. Bf3 Bd7 14. Qb3+ Kh8 15. Bd5 Nc7 16. Nhf3 Na5 17. Qc2 Nxd5 0-1

[Event "RUS-ch Silent (Women)"]
[Site "Zelenograd"]
[Date "2022.04.15"]
[Round "10"]
[White "Romanova, Alsu"]
[Black "Chanysheva, Svetlana"]
[Result "1-0"]
[WhiteElo "1311"]
[BlackElo "1467"]
[PlyCount "55"]
[EventDate "2022.04.09"]
[EventType "tourn"]
[EventRounds "13"]
[EventCountry "RUS"]
[SourceTitle "EXT 2023"]
[Source "ChessBase"]
[SourceDate "2022.10.05"]
[SourceVersion "1"]
[SourceVersionDate "2022.10.05"]
[SourceQuality "1"]

1. e4 c5 2. Nf3 e6 3. c3 d5 4. exd5 exd5 5. d4 cxd4 6. Nxd4 Ne7 7. Bd3 g6 8. Be3 Bg7 9. Nd2 0-0 10. h3 Re8 11. 0-0 b6 12. N2f3 Bb7 13. Qd2 Nbc6 14. Rfe1 Nxd4 15. Bxd4 Bxd4 16. Nxd4 Rc8 17. Bc2 a6 18. Re3 Rc7 19. Rae1 Bc8 20. Bb3 Bd7 21. Qe2 Kf8 22. Qxa6 Nc8 23. Bxd5 Rxe3 24. Rxe3 Qg5 25. Bb3 Qc5 26. Qa8 Ra7 27. Qf3 Nd6 28. Qf6 1-0

[Event "RUS-ch Silent (Women)"]
[Site "Zelenograd"]
[Date "2022.04.11"]
[Round "4"]
[White "Kudriavtseva, Natalia"]
[Black "Romanova, Alsu"]
[Result "1-0"]
[WhiteElo "1807"]
[BlackElo "1311"]
[PlyCount "69"]
[EventDate "2022.04.09"]
[EventType "tourn"]
[EventRounds "13"]
[EventCountry "RUS"]
[SourceTitle "EXT 2023"]
[Source "ChessBase"]
[SourceDate "2022.10.05"]
[SourceVersion "1"]
[SourceVersionDate "2022.10.05"]
[SourceQuality "1"]

1. e4 e5 2. Nf3 Nc6 3. Bb5 a6 4. Bxc6 dxc6 5. 0-0 Bd6 6. d4 Bg4 7. dxe5 Bxf3 8. Qxf3 Bxe5 9. Rd1 Qf6 10. Qxf6 Nxf6 11. c3 0-0 12. f3 Rad8 13. Re1 Nh5 14. g3 Rd3 15. Kf2 Rfd8 16. Be3 Bd6 17. Ke2 Be7 18. Bd4 c5 19. Kxd3 cxd4 20. cxd4 c5 21. d5 Nf6 22. Nc3 b5 23. a3 c4+ 24. Ke2 Nd7 25. Rad1 Nc5 26. f4 Nd3 27. Rxd3 cxd3+ 28. Kxd3 Bc5 29. e5 b4 30. axb4 Bxb4 31. d6 f6 32. Re4 a5 33. Nb5 h6 34. Rc4 Kf7 35. Ke4 1-0

[Event "RUS-ch Silent (Women)"]
[Site "Zelenograd"]
[Date "2020.10.09"]
[Round "6"]
[White "Romanova, Alsu"]
[Black "Lukina, Tatiana"]
[Result "0-1"]
[WhiteElo "1349"]
[BlackElo "1614"]
[PlyCount "118"]
[EventDate "2020.10.03"]
[EventType "tourn"]
[EventRounds "9"]
[EventCountry "RUS"]
[SourceTitle "EXT 2022"]
[Source "ChessBase"]
[SourceDate "2021.10.06"]
[SourceVersion "1"]
[SourceVersionDate "2021.10.06"]
[SourceQuality "1"]

1. c4 c5 2. Nc3 Nf6 3. e4 Nc6 4. d3 e6 5. Be3 a6 6. g3 Be7 7. Bg2 Qc7 8. Nge2 0-0 9. 0-0 Ng4 10. Qd2 Nxe3 11. Qxe3 Bf6 12. Qxc5 d6 13. Qe3 Bd7 14. a3 Rab8 15. b4 Ne5 16. h3 Nc6 17. Rac1 Qd8 18. f4 e5 19. Nd5 exf4 20. Nxf6+ Qxf6 21. Rxf4 Qb2 22. d4 b5 23. d5 Ne5 24. Rf2 Nxc4 25. Rxc4 bxc4 26. Nd4 Qb1+ 27. Rf1 Qd3 28. Qxd3 cxd3 29. Rd1 h6 30. Rxd3 Rfc8 31. Bf1 Rc1 32. Kg2 Re8 33. Re3 Rd1 34. Nb3 Ba4 35. Bxa6 f5 36. Kf3 fxe4+ 37. Rxe4 Rxe4 38. Kxe4 Bxb3 39. Bb7 Ra1 40. Kf5 Rxa3 41. Ke6 Ba4 42. Kxd6 Rxg3 43. Bc8 Kf8 44. Be6 Ke8 45. Kc7 Rc3+ 46. Kd6 Kd8 47. Bf5 Rb3 48. Kc5 Rc3+ 49. Kd4 Rf3 50. Be6 Ke7 51. Kc5 Rc3+ 52. Kd4 Rc1 53. Ke5 Re1+ 54. Kd4 Kd6 55. h4 Re5 56. Bf7 Be8 57. Be6 Rh5 58. b5 Rxh4+ 59. Kc3 Bxb5 0-1

[Event "RUS-ch Silent (Women)"]
[Site "Zelenograd"]
[Date "2020.10.08"]
[Round "5"]
[White "Kireeva, Ljubov"]
[Black "Romanova, Alsu"]
[Result "1-0"]
[WhiteElo "1843"]
[BlackElo "1349"]
[PlyCount "105"]
[EventDate "2020.10.03"]
[EventType "tourn"]
[EventRounds "9"]
[EventCountry "RUS"]
[SourceTitle "EXT 2022"]
[Source "ChessBase"]
[SourceDate "2021.10.06"]
[SourceVersion "1"]
[SourceVersionDate "2021.10.06"]
[SourceQuality "1"]

1. d4 d5 2. Nf3 Nf6 3. e3 e6 4. Bd3 Bd6 5. 0-0 0-0 6. Nbd2 Nbd7 7. h3 c5 8. c3 c4 9. Bc2 b5 10. e4 dxe4 11. Nxe4 Qb6 12. Nxd6 Qxd6 13. Qe2 Bb7 14. Ne5 Nb6 15. Bg5 Nfd7 16. Nxd7 Nxd7 17. Qg4 f6 18. Bh6 Rf7 19. Bf4 e5 20. Bh2 Qd5 21. Bf5 Re8 22. Bxd7 Rxd7 23. dxe5 f5 24. Qg5 h6 25. Qg3 Rde7 26. f4 Qc5+ 27. Qf2 Qxf2+ 28. Kxf2 Rd7 29. Rfe1 Be4 30. g4 Rd2+ 31. Re2 Red8 32. Rae1 R8d3 33. Rxd2 Rxd2+ 34. Re2 Rxe2+ 35. Kxe2 g6 36. gxf5 gxf5 37. Ke3 Kf7 38. Kd4 Bd3 39. Kd5 Ke7 40. e6 Be4+ 41. Ke5 Bd3 42. Bg1 a6 43. Bc5+ Ke8 44. Kf6 a5 45. Kg6 Bf1 46. h4 Bh3 47. Kxh6 Bg4 48. Kg6 a4 49. a3 Kd8 50. h5 Ke8 51. h6 Bf3 52. h7 Bd5 53. h8Q# 1-0

[Event "RUS-ch Silent (Women)"]
[Site "Zelenograd"]
[Date "2020.10.07"]
[Round "4"]
[White "Romanova, Alsu"]
[Black "Kudriavtseva, Natalia"]
[Result "0-1"]
[WhiteElo "1349"]
[BlackElo "1819"]
[PlyCount "96"]
[EventDate "2020.10.03"]
[EventType "tourn"]
[EventRounds "9"]
[EventCountry "RUS"]
[SourceTitle "EXT 2022"]
[Source "ChessBase"]
[SourceDate "2021.10.06"]
[SourceVersion "1"]
[SourceVersionDate "2021.10.06"]
[SourceQuality "1"]

1. Nf3 d5 2. d4 e6 3. g3 Nf6 4. Bg2 c5 5. 0-0 Nbd7 6. c3 Bd6 7. Bg5 h6 8. Bxf6 Nxf6 9. Nbd2 0-0 10. Ne5 Bxe5 11. dxe5 Ng4 12. Nf3 Qc7 13. Qd2 Nxe5 14. Nxe5 Qxe5 15. f4 Qc7 16. Rfe1 Rb8 17. Rac1 b6 18. e4 dxe4 19. Rxe4 Bb7 20. Re2 Rfd8 21. Qe1 Qd6 22. Bxb7 Rxb7 23. Rf2 Rbd7 24. Rf1 Qd2 25. Qxd2 Rxd2 26. Rb1 Rc2 27. Rf2 Rdd2 28. Rxd2 Rxd2 29. a3 f6 30. Re1 Kf7 31. b3 f5 32. Rf1 Kf6 33. Rf2 Rxf2 34. Kxf2 g5 35. Ke3 gxf4+ 36. gxf4 e5 37. fxe5+ Kxe5 38. h3 b5 39. h4 a5 40. h5 f4+ 41. Kf3 Kf5 42. Ke2 Ke4 43. Kf2 f3 44. Ke1 Kd3 45. Kf2 Kxc3 46. Kxf3 Kxb3 47. Kf4 c4 48. Kf5 c3 0-1

[Event "Heinola Suomi 100 ottelu Vierumaki"]
[Site "Heinola"]
[Date "2017.11.18"]
[Round "3"]
[White "Laihonen, Hanna"]
[Black "Romanova, Alsu"]
[Result "1-0"]
[WhiteElo "1553"]
[BlackElo "1487"]
[PlyCount "43"]
[EventDate "2017.11.17"]
[EventType "swiss"]
[EventRounds "3"]
[EventCountry "FIN"]
[SourceTitle "EXT 2022"]
[Source "ChessBase"]
[SourceDate "2021.10.06"]
[SourceVersion "1"]
[SourceVersionDate "2021.10.06"]
[SourceQuality "1"]

1. e4 e5 2. Nf3 Nc6 3. Nc3 Nf6 4. Bb5 Bc5 5. Nxe5 Nxe5 6. d4 Bb4 7. dxe5 Bxc3+ 8. bxc3 Nxe4 9. Qd4 Ng5 10. Ba3 a6 11. Bd3 b6 12. Bc1 Bb7 13. Qg4 h6 14. 0-0 Qe7 15. Bd2 0-0-0 16. Be3 Kb8 17. Rfb1 Ka7 18. a4 Rb8 19. a5 Bc6 20. axb6+ cxb6 21. Bxa6 Ne6 22. Bc8+ 1-0

[Event "Heinola Suomi 100 ottelu Vierumaki"]
[Site "Heinola"]
[Date "2017.11.18"]
[Round "2"]
[White "Romanova, Alsu"]
[Black "Baranyai, Deakne"]
[Result "0-1"]
[WhiteElo "1487"]
[BlackElo "1612"]
[PlyCount "74"]
[EventDate "2017.11.17"]
[EventType "swiss"]
[EventRounds "3"]
[EventCountry "FIN"]
[SourceTitle "EXT 2022"]
[Source "ChessBase"]
[SourceDate "2021.10.06"]
[SourceVersion "1"]
[SourceVersionDate "2021.10.06"]
[SourceQuality "1"]

1. e4 e5 2. Nf3 Nc6 3. Nc3 Bc5 4. Bc4 Nf6 5. h3 0-0 6. d3 d6 7. 0-0 h6 8. Nh4 Kh7 9. Nf5 Bxf5 10. exf5 Nd4 11. Be3 c6 12. Bxd4 Bxd4 13. Qf3 d5 14. Bb3 Qa5 15. Ne2 Bxb2 16. Rab1 Ba3 17. Ng3 Qc7 18. Nh5 Nxh5 19. Qxh5 g6 20. Qf3 Qd7 21. Rbe1 Bb2 22. f6 Bc3 23. Re2 Qf5 24. Qg3 Qxf6 25. Re3 Qg5 26. Qf3 Rad8 27. Rd1 f5 28. Qe2 f4 29. Rf3 Rde8 30. g3 fxg3 31. Rxg3 Qf4 32. Rf1 Bd4 33. Rg2 Rf5 34. Qe1 Qf3 35. Qd2 Rh5 36. Rh2 Rg5+ 37. Rg2 Qxg2# 0-1

[Event "Heinola Suomi 100 ottelu Vierumaki"]
[Site "Heinola"]
[Date "2017.11.17"]
[Round "1"]
[White "Kolar, Karl Ustav"]
[Black "Romanova, Alsu"]
[Result "1-0"]
[WhiteElo "1166"]
[BlackElo "1487"]
[PlyCount "89"]
[EventDate "2017.11.17"]
[EventType "swiss"]
[EventRounds "3"]
[EventCountry "FIN"]
[SourceTitle "EXT 2022"]
[Source "ChessBase"]
[SourceDate "2021.10.06"]
[SourceVersion "1"]
[SourceVersionDate "2021.10.06"]
[SourceQuality "1"]

1. e4 e5 2. Nc3 Nc6 3. Bc4 Bc5 4. d3 d6 5. Be3 Bb6 6. Nge2 Nf6 7. 0-0 0-0 8. Bxb6 axb6 9. f4 Re8 10. h3 Ra5 11. f5 d5 12. exd5 Nxd5 13. Nxd5 Rxd5 14. Bxd5 Qxd5 15. Nc3 Qd4+ 16. Kh1 Ne7 17. f6 Ng6 18. fxg7 Kxg7 19. Qf3 Nf4 20. Qe4 Qd6 21. Rxf4 Rf8 22. Rh4 h6 23. Rf1 Qe6 24. Qd5 c6 25. Qxe6 Bxe6 26. Re4 f6 27. d4 exd4 28. Rxe6 dxc3 29. Re7+ Kg8 30. Rxb7 cxb2 31. Rxb6 c5 32. Rxb2 c4 33. Rb6 Kg7 34. Rc6 Re8 35. Rxc4 Re2 36. a4 Re5 37. Rcf4 Re6 38. Rxf6 Rxf6 39. Rxf6 Kxf6 40. a5 Kf5 41. a6 Kf4 42. a7 Kg3 43. a8Q h5 44. Qf3+ Kh4 45. Qf4# 1-0